| 000 | 00497nam a2200181Ia 4500 | ||
|---|---|---|---|
| 005 | 20250423095929.0 | ||
| 008 | 250422s9999 xx 000 0 und d | ||
| 020 | _a0516098624 | ||
| 050 | _aPZ 10.3 .H46/ | ||
| 100 | _aHenry, Marguerite | ||
| 245 | 0 | _aKing of the wind | |
| 260 | _aNew York | ||
| 260 | _bRandy McNally & Company | ||
| 260 | _c1984 | ||
| 300 | _a172 p | ||
| 650 | _aArabian horse--Juvenile fiction. Arabian horse--Fiction. Horses--Fiction. England--Fiction. | ||
| 942 | _cBK | ||
| 999 |
_c31767 _d31767 |
||